000 00671nam a22001697a 4500
003 UA-OsUOA
001 12916
007 ta
008 20050605b un ||||| |||| 00| 0 ukr d
942 _cSA
040 _aUA-OsUOA
_cUA-OsUOA
_dUA-OsUOA
245 _aКеруючись принципами прозорості й патріотизму
_b[У Рівному відбулася виїзна нарада-семінар Нац. Ради з питань телебачення і радіомовлення]
300 _aС.2
955 _a0
773 0 _w0
_tВісті Рівненщини
_dРівне
_d2005
_g№40/1 черв./
650 7 _aРадіомовлення
_2UDC
999 _c299077
_d299077